Statistics for Times Tables 1-3

Click here to take the quiz!

General Stats

  • This quiz has been taken 100 times
  • The average score is 35 of 36

Answer Stats

HintAnswer% Correct
1x11
100%
1x22
100%
1x22
100%
1x44
100%
2x24
100%
1x55
100%
1x77
100%
1x88
100%
2x48
100%
3x39
100%
1x99
100%
2x510
99%
1x1010
99%
1x1111
99%
1x33
99%
3x13
99%
3x26
99%
2x36
99%
1x66
99%
2x612
97%
3x412
97%
1x1212
97%
2x714
97%
3x515
97%
2x816
97%
2x918
97%
3x618
97%
3x721
97%
2x1122
97%
2x1224
97%
3x824
97%
3x1030
97%
3x1133
97%
3x1236
97%
2x1020
96%
3x927
96%

Score Distribution

Percentile by Number Answered

Percent of People with Each Score

Your Score History

You have not taken this quiz